États des États-Unis sans consonnes - Carte quiz - Statistiques

Statistiques générales
  • Ce quiz a été pris 23 fois
  • Le résultat moyen est 40 sur 50
Réponses sur la Carte
Les réponses sont colorées sur une échelle allant du rouge au vert en fonction du pourcentage des utilisateurs qui les ont devinées à leur premier essai. Vous pouvez retrouver ces pourcentages ci-dessous.
 
Statistiques - réponses
État % Correct
Aa
100%
Aaa
100%
Aaa
100%
Aio
95%
Aioie
95%
Ea
95%
Iiii
95%
Oie
95%
Aaï
90%
Aoa U O
90%
Aoa U U
90%
Eaa
90%
Eaa
90%
Eo
90%
Iia
90%
Aaaa
86%
Aoie U O
86%
Aoie U U
86%
Eoie
86%
Oe Ia
86%
Aie
81%
Eeee
81%
Iioi
81%
Ioa
81%
Oueau eiue
81%
Aaue
76%
E aie
76%
Iao
76%
Ioi
76%
Oaa
76%
Ooao
76%
Ouiiae
76%
Ua
76%
Aioa
71%
Eaae
71%
E eey
71%
Oeiu
71%
Oeo
71%
Yoi
71%
Eyaie
67%
E Yo
67%
Iiaa
67%
Iiie
67%
Oio
67%
Aya
62%
Euy
62%
Ieoa
62%
Iiie Oieae
62%
Ioui
57%
Oaoa
57%
Aucun quiz correspondant
Distribution des résultats
% des personnes avec chaque résultat
Percentile par nombre de réponses
Votre historique - résultats
Vous n’avez pas pris ce quiz